Countries with Crescent Flags - Picture Quiz - Statistics

General Stats
  • This quiz has been taken 2,341 times
  • The average score is 18 of 19
Answer Stats
Picture Answer % Correct
Iran
99%
Croatia
98%
Nepal
98%
Turkey
98%
Algeria
97%
Malaysia
97%
Pakistan
97%
Tunisia
96%
Singapore
95%
Azerbaijan
94%
Turkmenistan
94%
Brunei
93%
Moldova
93%
Mongolia
93%
Uzbekistan
93%
Libya
91%
Maldives
90%
Comoros
87%
Mauritania
87%
No matching quizzes found
Score Distribution
Percent of People with Each Score
Percentile by Number Answered
Your Score History
You have not taken this quiz